<?xml version="1.0" encoding="UTF-8"?>
<collection xmlns="http://www.loc.gov/MARC21/slim">
 <record>
  <leader>     na                 </leader>
  <controlfield tag="001">INLIS000000001504750</controlfield>
  <controlfield tag="005">20260428022042</controlfield>
  <controlfield tag="007">ta</controlfield>
  <controlfield tag="008">260428                |          | |  </controlfield>
  <datafield tag="035" ind1=" " ind2=" ">
   <subfield code="a">0010-0426000072</subfield>
  </datafield>
  <datafield tag="082" ind1=" " ind2=" ">
   <subfield code="a">L.310-25150</subfield>
  </datafield>
  <datafield tag="084" ind1=" " ind2=" ">
   <subfield code="a">L.310-25150 NUR a</subfield>
  </datafield>
  <datafield tag="100" ind1="0" ind2=" ">
   <subfield code="a">NURUL ZAHRA PARTIWI</subfield>
   <subfield code="e">Pengarang</subfield>
  </datafield>
  <datafield tag="245" ind1="1" ind2=" ">
   <subfield code="a">ANALlSlS KELAYAKAN USAHA DAN STRATEGl PENGEMBANGAN USAHA PETERNAKAN KAMBING :</subfield>
   <subfield code="b">(STUDI KASUS PADA KELOMPOK TERNAK RUMPUT HIJAU DESA NGENEP KECAMATAN KARANGPLOSO KABUPATEN MALANG) /</subfield>
   <subfield code="c">Polbangtan Malang</subfield>
  </datafield>
  <datafield tag="264" ind1=" " ind2=" ">
   <subfield code="a">Malang :</subfield>
   <subfield code="b">Polbangtan Malang,</subfield>
   <subfield code="c">2025</subfield>
  </datafield>
  <datafield tag="300" ind1=" " ind2=" ">
   <subfield code="a">120 hlm</subfield>
  </datafield>
  <datafield tag="336" ind1=" " ind2=" ">
   <subfield code="2">rdacontent</subfield>
   <subfield code="a">Text</subfield>
  </datafield>
  <datafield tag="337" ind1=" " ind2=" ">
   <subfield code="2">rdamedia</subfield>
   <subfield code="a">Buku Tercetak</subfield>
  </datafield>
  <datafield tag="338" ind1=" " ind2=" ">
   <subfield code="2">rdacarrier</subfield>
   <subfield code="a">Hardcopy</subfield>
  </datafield>
  <datafield tag="520" ind1=" " ind2=" ">
   <subfield code="a">Peternakan kambing memiliki keunggulan seperti kemampuan adaptasi yang baik,&#13;
kebutuhan lahan dan pakan yang relatif kecil, serta potensi ekonomi yang tinggi&#13;
melalui produk daging dan susu namun masih menghadapi permasalahan seperti&#13;
kurangnya pencatatan analisa usaha, manajemen pemeliharaan yang masih&#13;
tradisional, ancaman penyakit, dan keterbatasan pengetahuan serta teknologi&#13;
modern di kalangan peternak. Dengan demikian, penelitian ini bertujuan untuk&#13;
menilai kelayakan usaha sekaligus merumuskan strategi pengembangan yang&#13;
efektif melalui pendekatan analisis SWOT agar peternak dapat meningkatkan&#13;
efisiensi, produktivitas, dan keuntungan usaha secara berkelanjutan. Penelitian ini&#13;
menggunakan metode deskriptif kuantitatif melalui pendekatan studi kasus dan&#13;
menggunakan pengumpulan data melalui observasi, wawancara, kuesioner dan&#13;
studi literatur. Analisis data penelitian ini menggunakan parameter analisis biaya,&#13;
analisis penerimaan, analisis pendapatan, analisis kelayakan finansial dan analisis&#13;
SWOT. Hasil kajian ini menunjukkan bahwa dari ke 6 sampel anggota peternak&#13;
yang dianalisis dapat dinyatakan layak dan menguntungkan secara finansial yaitu&#13;
nilai R/C rasio yang diperoleh lebih dari 1, terdiri dari Mustofa, Riyadi, Dandi, Arifin,&#13;
David, dan Wahyudi, dengan nilai R/C rasio tertinggi yaitu David sebesar 2,26, nilai&#13;
ROI (Return Of Investmen) tertinggi yaitu David sebesar 125,99% dan PP&#13;
(Payback Period) tercepat yaitu Riyadi selama 2,4 bulan, sementara strategi&#13;
pengembangan usaha yang dihasilkan berada di quadran I (Grow and Build), yang&#13;
artinya kelompok ternak berada pada posisi yang kuat, sehingga strategi berfokus&#13;
pada pertumbuhan dan pengembangan bisnis dengan strategi yang intensif&#13;
meliputi optimalisasi lahan dan pakan, peningkatan produktivitas melalui tenaga&#13;
kerja berpengalaman dan teknologi sederhana, serta pelatihan dari dinas&#13;
peternakan untuk penguasaan teknologi modern dan sistem pencatatan.</subfield>
  </datafield>
  <datafield tag="650" ind1=" " ind2="4">
   <subfield code="a">Kelayakan Usaha, Analisis SWOT, Strategi, Peternakan, Kambing</subfield>
  </datafield>
  <datafield tag="856" ind1=" " ind2=" ">
   <subfield code="a">https://repository.polbangtanmalang.ac.id/xmlui/handle/123456789/2136</subfield>
  </datafield>
  <datafield tag="990" ind1=" " ind2=" ">
   <subfield code="a">L.310-25150</subfield>
  </datafield>
 </record>
</collection>
